banner-ar

الرسوم المتحركة flash 8.0 / (Record no. 61692)

MARC details
000 -الفاتح
حقل البيانات ثابتة الطول 01154nam a22002537a 4500
005 - وقت وتاريخ اخر تعامل مع التسجيلة
رقم الضبط 20240530110512.0
008 - عناصر البيانات ثابتة الطول - معلومات عامة
حقل البيانات ثابتة الطول 151206s2012 jo a g 000 0 ara d
017 ## - رقم الايداع القانونى
رقم الايداع القانونى 2011/1/307
المصدر ( الهيئة المختصة) الاردن . دائرة المكتبة الوطنية
020 ## - الرقم الدولى المعيارى للكتب
الرقم الدولى المعيارى للكتاب 9789957830489
040 ## - مصدر الفهرسة
وكالة الفهرسة الأصلية EG-CaGPL
082 ## - رقم تصنيف ديوى العشرى
رقم الطبعة 21
رقم التصنيف 741.58\
رقم المادة س ر
100 0# - المدخل الرئيسى - إسم شخصى
الإسم الشخصى سعد صديق البهنسى .
245 12 - بيان العنوان
العنوان الرسوم المتحركة flash 8.0 /
بيان المسئوليه,etc سعد صديق البهنسى ، نور الدين احمد النادى ، محمد عبدالله الدرايسة ، عدلى محمد عبدالهادى .
250 ## - بيان الطبعة
بيان الطبعة ط1.
260 ## - PUBLICATION, DISTRIBUTION, ETC. (IMPRINT)
تاريخ النشر أو التوزيع 2011 .
300 ## - الوصف المادى
التعداد 238 ص :
تفاصيل ماديه اخرى للوعاء ايض ؛
أبعاد الوعاء 24 سم .
650 04 - المدخل الاضافى بالموضوع-مصطلح موضوعى
مصطلح موضوعي الرسوم المتحركة .
650 04 - المدخل الاضافى بالموضوع-مصطلح موضوعى
مصطلح موضوعي الجرافيك .
700 0# - المدخل الاضافى - اسم شخصى
الإسم الشخصى نور الدين احمد النادى
الدور مؤلف مشارك .
700 0# - المدخل الاضافى - اسم شخصى
الإسم الشخصى عدلى محمد عبدالهادى
الدور مؤلف مشارك .
700 0# - المدخل الاضافى - اسم شخصى
الإسم الشخصى محمد عبدالله الدرايسة
الدور مؤلف مشارك .
942 ## - عناصر المدخل الإضافي( كوها)
مصدر التصنيف او مخطط الترفيف Dewey Decimal Classification
Koha [default] item type كتاب
260 ## - PUBLICATION, DISTRIBUTION, ETC. (IMPRINT)
-- عمان :
-- مكتبة المجتمع العربى للنشر و التوزيع ،
Holdings
حالة التراجع حالة الفقد حالة تلف ليس للاعارة المكان المؤقت الموقع الحالى تاريخ الاكتساب اجمالي اﻻعارات رقم الطلب الباركود تاريخ اخر مشاهدة تاريخ تفعيل السعر نوع وعاء كوها
        مكتبة القاهرة الكبرى مكتبة القاهرة الكبرى 12/06/2015   741.58\ س ر 161041 12/06/2015 12/06/2015 كتاب

Powered By

EGPV